Squid Game Characters by Picture - Statistics

General Stats
  • This quiz has been taken 529 times
  • The average score is 15 of 20
Answer Stats
Picture Answer % Correct
456
97%
001
93%
222
93%
100
92%
333
91%
120
85%
007
82%
124
78%
011
77%
125
77%
230
76%
149
74%
388
72%
044
69%
196
66%
380
65%
246
64%
390
60%
203
52%
095
48%
No matching quizzes found
Score Distribution
Percent of People with Each Score
Percentile by Number Answered
Your Score History
You have not taken this quiz